000 00329nam a2200133Ia 4500
005 20251222141904.0
008 251222s9999||||xx |||||||||||||| ||spa||
020 _a950--808-377-8
082 _a371.26/B59
100 _aBixio, Cecilia
245 0 _aCómo Planificar y Evaluar en el Aula:
264 _bHomo Sapiens
942 _cLIB
999 _c8157
_d8157